| 000 | 00660nam a2200229 i 4500 | ||
|---|---|---|---|
| 001 | bg | ||
| 245 | 0 | 0 |
_aFinanse przedsiębiorstwa w przykładach i zadaniach / _cRadosław Gasza [et al.]. |
| 260 |
_aPoznań : _b"Akademia", _c1994. |
||
| 300 |
_a159, [1] s. : _bwykr. ; _c24 cm. |
||
| 504 | _aBibliogr. s. 159. | ||
| 650 | 9 |
_aPrzedsiębiorstwo _xfinanse |
|
| 650 | 9 |
_aRachunek ekonomiczny _xmetody |
|
| 655 | _aPodręczniki akademickie | ||
| 700 | 1 | _aGASZA, Radosław. | |
| 020 | _a839016907X | ||
| 040 | _cBPK | ||
| 041 | 0 | _apl | |
| 080 | _a658.14/.17(075.8) | ||
| 920 | _a83-901690-7-X | ||
| 942 | _cKS | ||
| 008 | s pl f |000 0 pol | ||
| 999 |
_c32042 _d32042 |
||
| 856 |
_uhttp://koha.tu.koszalin.pl/cgi-bin/koha/opac-detail.pl?biblionumber=32042 _yKatalog online BPK |
||